000 004420000a22001810004500
003 MACL
005 20150825122532.0
008 150825b xxu||||| |||| 00| 0 eng d
040 _aMACL
_cMACL
041 _aEnglish
082 _a700/BAJ
100 _aBajpai, K D.
_97247
245 _aFive Phases of Indian Art
260 _bRajasthan V̜idhya Prakashan
_c1991
_aNew Delhi
350 _a400
650 _aArts
_97248
942 _cBK
_k700
_2ddc
999 _c4568
_d4568